Polish logic 1920-1939
Αποθηκεύτηκε σε:
| Κύριος συγγραφέας: | |
|---|---|
| Άλλοι συγγραφείς: | |
| Μορφή: | Βιβλίο |
| Γλώσσα: | English |
| Δημοσίευση: |
Oxford :
Clarenton Press,
1967.
|
| Θέματα: | |
| Ετικέτες: |
Προσθήκη ετικέτας
Δεν υπάρχουν, Καταχωρήστε ετικέτα πρώτοι!
|
MARC
| LEADER | 00000cam a2200000 a 4500 | ||
|---|---|---|---|
| 001 | 1/107369 | ||
| 008 | 150713s1967####enk| ||| |||| ||eng|| | ||
| 040 | |a GR-MyUa |b gre |c GR-MyUa |e AACR2 | ||
| 041 | 0 | |a eng | |
| 082 | 7 | |a 511.3 |2 (23) | |
| 245 | 0 | 0 | |a Polish logic 1920-1939 / |c papers by Ajdukiewicz ... [et.al.]. ; withn an introduction by Tadeusz Kotabbinski ; edited by Storrs McCall ; Transladed by B. Gruchman ...[et al.]. |
| 260 | |a Oxford : |b Clarenton Press, |c 1967. | ||
| 300 | |a viii, 406 σ. ; |c 22 εκ. | ||
| 500 | |a Papers by Ajdukiewicz, Chwistek, Jaekowski, Jordan, Lesniewski, Lukasiewicz, Sobocinski and Wajsberg. | ||
| 650 | 0 | |a Logic, Symbolic and mathematical. | |
| 650 | 0 | |a Logicians, Polish. | |
| 700 | 1 | |a Ajdukiewicz, Kazimierz, |e aut | |
| 700 | 1 | |a McCall, Storrs, |e edt | |
| 852 | |a INST |b SAMOS |e 20150713 |h 511.3 POL |p 005300042360 |q 005300042360 |t BK |y 0 | ||
| 970 | |a Γουβάλα |b Βάσω |z 12-07-2015 | ||